Регионална библиотека "Любен Каравелов" - Русе

Макроикономика (Запис номер 2013)

MARC детайли
000 -Лидер
Контролно поле с фиксирана дължина 01064nam a2200289 c 4500
003 - Код на организацията, давaща контролен номер
Контролно поле BLK
005 - Дата и час на последна редакция
Контролно поле 20180420213452.0
008 - Елементи от данни с фиксирана дължина
fixed length control field 180412b bul|||||r ||||||| ||bul||
010 ## - Наследен системен номер
LC control number KNG00002937000
040 ## - Източник на каталожния запис
Идентификатор на билиотеката - собственик на записа BLK
041 ## - Код за език
Код за езика на текст/звукозапис или на отделно заглавие Български
Код за езика КДБФ Български
080 ## - УДК
Текстов определител УДК Макроикономика. Микроикономика
УДК код - определител по УДК 330.101.54
УДК определител (075.8)
УДК - код + определител 330.101.54(075.8)
100 1# - Редна дума - Автор
Автор Миркович, Камен Георгиев
Авторска отговорност първи автор
R(LIN) 244843
139 ## - Редно поле
Редна дума Миркович, Камен Георгиев
Авторски знак Мир - М 68
245 10 - Сведения за заглавието
Заглавие Макроикономика
Подзаглавни данни Учебник за студенти от икон. унив.
Редно поле (дума) Камен Георгиев Миркович.
257 ## - Страна на издаване
Страна на създаване/издаване България
260 ## - Област на издателските данни
-- София
Име на издателя, разпространителя и проч. Тракия-М
Година на издаване 2001
300 ## - Физическа характеристика
Страници 1104 с.
Размери/Мащаб 26 см
380 ## - Жанр
Жанр Обществени науки
650 #4 - Допълнително описание по предмет – тема
Основно описание – тема или топоним Макроикономика - учебници за ВУЗ
9 (RLIN) 244890
653 ## - Ключова дума – ненормативна
Ключова дума макроикономика
852 ## - Местоположение
Форматна сигнатура ЦБ ІІ 11465
856 4# - Електронен адрес и достъп
Електронен формат pdf - файл
Път до файла /url/
856 4# - Електронен адрес и достъп
Електронен формат pdf - файл
Път до файла /url/
942 ## - АРТИКУЛИ
Вид на библиотечния материал Книги
Скрит в OPAC Не
944 ## - СЪЗДАВАНЕ И РЕДАКЦИЯ на ЗАПИСА
Създаване/Редакция Създаване
Дата на регистрацията/редакция 15.01.2003
Служител, извършил регистрацията/редакцията Кети_Илиева
944 ## - СЪЗДАВАНЕ И РЕДАКЦИЯ на ЗАПИСА
Създаване/Редакция Редакция
Дата на регистрацията/редакция 03.09.2009
Служител, извършил регистрацията/редакцията
999 ## - СИСТЕМНИ КОНТРОЛНИ НОМЕРА
Koha biblionumber 2013
Koha biblioitemnumber 2013
Наличности
Код за отписване Код за изгубен артикул Източник на класификационната схема Код за повреда Коз за рестрикции Код за отдаване Артикулен № Име на библиотеката - собственик Име на библиотеката, в която се намира в момента Статус (Текущо местоположение) Дата на вписване в системата Местоположение - отдел Цена в лева Инвентарен номер Систематично азбучна сигнатура Баркод Номер на екземпляра Цена в евро Служебна бележка Служебен тип на артикула
  Не е изгубен Universal Decimal Classification Не е повреден без рестрикции ползва се в читалня 3753 Регионална библиотека "Любен Каравелов" Русе Регионална библиотека "Любен Каравелов" Русе Читалня 2002-01-16 Читалня 35.00 668281 Ч 330/М 68 120000668281 1 17.90 Дост: Pk Вид: Ф N: 6567 Дата: 27.11.2001 Дата инв: 22.03.2017 Бележки инв: Ч2017 Книги
Vip Innovations Ltd, Rousse, Bulgaria 2025